[Event "Cheliabinsk Shusharin Memorial Rapid"]
[Site "Cheliabinsk"]
[Date "2023.11.15"]
[Round "1"]
[White "Vanishvili, Mari"]
[Black "Kezin, Roman"]
[Result "0-1"]
[WhiteElo "1914"]
[BlackElo "2505"]
[PlyCount "62"]
[EventDate "2023.11.15"]
[EventType "swiss (rapid)"]
[EventRounds "11"]
[EventCountry "RUS"]
[SourceTitle "CB47_2023"]
[SourceDate "2023.11.22"]
[SourceVersion "1"]
[SourceVersionDate "2023.11.22"]
[SourceQuality "1"]

1. e4 c5 2. Nf3 e6 3. d4 cxd4 4. Nxd4 Nc6 5. Nc3 Qc7 6. Be3 a6 7. Nxc6 bxc6 8. Bd3 d5 9. Qf3 Nf6 10. Qg3 Qxg3 11. hxg3 Ng4 12. Bd2 Bc5 13. Nd1 h6 14. Be2 Nf6 15. exd5 cxd5 16. Be3 d4 17. Bf3 Nd5 18. Bd2 Rb8 19. Bxd5 exd5 20. 0-0 0-0 21. Re1 Bf5 22. Rc1 Rfc8 23. c3 dxc3 24. Bxc3 d4 25. Bd2 Bd6 26. b3 Ba3 27. Rxc8+ Rxc8 28. Re5 Rc2 29. Ba5 Be6 30. f3 Rxa2 31. Nf2 Bd6 0-1

[Event "Cheliabinsk Lozovatsky Memorial-B"]
[Site "Cheliabinsk"]
[Date "2023.02.05"]
[Round "10"]
[White "Vanishvili, Mari"]
[Black "Baranova, Elizaveta"]
[Result "1-0"]
[WhiteElo "1967"]
[BlackElo "1874"]
[PlyCount "114"]
[EventDate "2023.01.27"]
[EventType "swiss"]
[EventRounds "10"]
[EventCountry "RUS"]
[SourceTitle "CBM 212 Extra"]
[Source "ChessBase"]
[SourceDate "2023.03.31"]
[SourceVersion "1"]
[SourceVersionDate "2023.03.31"]
[SourceQuality "1"]

1. e4 Nf6 2. e5 Nd5 3. d4 d6 4. Nf3 dxe5 5. Nxe5 g6 6. Bc4 Be6 7. 0-0 Bg7 8. Qe2 Nd7 9. Nd2 Nxe5 10. dxe5 c6 11. Ne4 Nc7 12. Bxe6 Nxe6 13. f4 Qd4+ 14. Kh1 0-0-0 15. Nc3 Qb6 16. Rb1 Nd4 17. Qg4+ Nf5 18. Qe2 h5 19. Ne4 h4 20. c3 f6 21. b4 fxe5 22. Nc5 Rh5 23. Qg4 Qb5 24. Re1 h3 25. g3 Qc4 26. Qf3 exf4 27. Bxf4 Qxc3 28. Qxc3 Bxc3 29. Rec1 Bf6 30. Ne6 Rd5 31. g4 Rh4 32. gxf5 gxf5 33. b5 Kd7 34. bxc6+ bxc6 35. Re1 Rb5 36. Rbd1+ Rd5 37. Rb1 Ra5 38. Rb7+ Ke8 39. Rb8+ Kf7 40. Rf8+ Kg6 41. Rg1+ Rg4 42. Rg8+ Kf7 43. R8xg4 fxg4 44. Nd8+ Ke8 45. Nxc6 Rxa2 46. Rxg4 Kd7 47. Nb4 Ra4 48. Nd3 Ra1+ 49. Rg1 Ra3 50. Rd1 Ke6 51. Bc1 Rc3 52. Nf4+ Kf5 53. Nd5 Rb3 54. Rf1+ Ke5 55. Nxf6 exf6 56. Bf4+ Ke6 57. Bh6 f5 1-0

[Event "Cheliabinsk Lozovatsky Memorial-B"]
[Site "Cheliabinsk"]
[Date "2023.01.27"]
[Round "1"]
[White "Bodnaruk, Anastasia"]
[Black "Vanishvili, Mari"]
[Result "1-0"]
[WhiteElo "2343"]
[BlackElo "1967"]
[PlyCount "75"]
[EventDate "2023.01.27"]
[EventType "swiss"]
[EventRounds "10"]
[EventCountry "RUS"]
[SourceTitle "CBM 212 Extra"]
[Source "ChessBase"]
[SourceDate "2023.03.31"]
[SourceVersion "1"]
[SourceVersionDate "2023.03.31"]
[SourceQuality "1"]

1. e4 c6 2. d4 d5 3. e5 Bf5 4. Nf3 e6 5. Be2 Ne7 6. 0-0 c5 7. c4 Nbc6 8. Nc3 dxc4 9. Bg5 a6 10. Nd2 Qxd4 11. Be3 Qd8 12. Nxc4 Nd5 13. Bf3 Nxe3 14. Nxe3 Bd3 15. Qa4 Qc7 16. Rfd1 b5 17. Qf4 Rd8 18. Ned5 exd5 19. Nxd5 Rxd5 20. Bxd5 Nd4 21. Kh1 Bg6 22. Rac1 Ne6 23. Qf3 Nd8 24. h4 h5 25. a4 Be7 26. axb5 axb5 27. Qg3 Qb6 28. e6 0-0 29. Re1 Bd6 30. Qg5 fxe6 31. Rxe6 Nxe6 32. Qxg6 Bf4 33. Re1 Bh6 34. Rxe6 Qd8 35. Rd6+ Kh8 36. Rxd8 Rxd8 37. Qxh5 c4 38. g4 1-0

[Event "RUS-chT Rapid (Women)"]
[Site "Sochi"]
[Date "2022.10.19"]
[Round "9.9"]
[White "Vanishvili, Mari"]
[Black "Voit, Daria"]
[Result "1/2-1/2"]
[WhiteElo "1965"]
[BlackElo "2347"]
[PlyCount "77"]
[EventDate "2022.10.18"]
[EventType "team-swiss (rapid)"]
[EventRounds "9"]
[EventCountry "RUS"]
[SourceTitle "CBM 210 Extra"]
[Source "ChessBase"]
[SourceDate "2022.11.30"]
[SourceVersion "1"]
[SourceVersionDate "2022.11.30"]
[SourceQuality "1"]
[WhiteTeam "Cheliabinsk Yuzhnyy Ural (W) II"]
[BlackTeam "Moscow ShSM (W)"]
[WhiteTeamCountry "RUS"]
[BlackTeamCountry "RUS"]

1. e4 c6 2. Nc3 d5 3. Qf3 d4 4. Bc4 e6 5. Nce2 b5 6. Bb3 Bb7 7. d3 c5 8. Qg3 Nc6 9. a3 Nf6 10. f4 c4 11. Ba2 cxd3 12. Qxd3 b4 13. Nf3 bxa3 14. bxa3 Qa5+ 15. Bd2 Qxa3 16. Qxa3 Bxa3 17. e5 Ne4 18. Bxe6 Nxd2 19. Nxd2 Bb4 20. Bd5 a5 21. Kd1 0-0-0 22. Bc4 Ne7 23. Nb3 Nf5 24. Kc1 Bxg2 25. Rg1 Bd5 26. Nxa5 Kc7 27. Bxd5 Rxd5 28. Nb3 Rb8 29. Ra7+ Rb7 30. Rxb7+ Kxb7 31. Rd1 g5 32. Nexd4 Ne3 33. Rg1 gxf4 34. Rg7 Rxe5 35. Rxf7+ Kc8 36. Rxf4 Rg5 37. Ne2 Ba3+ 38. Kd2 Nd5 39. Rf7 1/2-1/2

[Event "Cheliabinsk Panchenko Memorial op-B"]
[Site "Cheliabinsk"]
[Date "2022.09.20"]
[Round "9"]
[White "Vanishvili, Mari"]
[Black "Kozlova, Olga1111"]
[Result "1-0"]
[WhiteElo "1921"]
[BlackElo "1667"]
[PlyCount "81"]
[EventDate "2022.09.12"]
[EventType "swiss"]
[EventRounds "10"]
[EventCountry "RUS"]
[SourceTitle "CBM 210 Extra"]
[Source "ChessBase"]
[SourceDate "2022.11.30"]
[SourceVersion "1"]
[SourceVersionDate "2022.11.30"]
[SourceQuality "1"]

1. e4 c6 2. d4 d5 3. e5 Bf5 4. h4 h6 5. g4 Bd7 6. h5 e6 7. f4 c5 8. c3 Qb6 9. Nf3 Nc6 10. Rh2 cxd4 11. cxd4 Bb4+ 12. Nc3 Rc8 13. Rc2 Na5 14. Kf2 Ne7 15. Kg3 0-0 16. Bd3 Bxc3 17. Rxc3 Bb5 18. Bb1 Rxc3 19. bxc3 Nc4 20. a4 Ba6 21. Qc2 f5 22. exf6 Rxf6 23. Qh7+ Kf8 24. g5 hxg5 25. fxg5 Qd6+ 26. Kg2 Rxf3 27. Kxf3 Qh2 28. Bd3 Qh1+ 29. Ke2 Qg2+ 30. Kd1 Nf5 31. Bxf5 Qf3+ 32. Kc2 exf5 33. Qh8+ Ke7 34. Qxg7+ Kd8 35. Qf6+ Kd7 36. Qf7+ Kd8 37. Qe6 Qf2+ 38. Kb3 Na5+ 39. Kb4 Nc6+ 40. Kc5 Qg3 41. Qd6+ 1-0

[Event "Cheliabinsk Kurnosov Memorial Rapid-B"]
[Site "Cheliabinsk"]
[Date "2022.09.10"]
[Round "5"]
[White "Vanishvili, Mari"]
[Black "Kovanova, Baira"]
[Result "0-1"]
[WhiteElo "1921"]
[BlackElo "2329"]
[PlyCount "116"]
[EventDate "2022.09.09"]
[EventType "swiss (rapid)"]
[EventRounds "11"]
[EventCountry "RUS"]
[SourceTitle "CBM 210 Extra"]
[Source "ChessBase"]
[SourceDate "2022.11.30"]
[SourceVersion "1"]
[SourceVersionDate "2022.11.30"]
[SourceQuality "1"]

1. e4 c5 2. Nf3 e6 3. d4 cxd4 4. Nxd4 a6 5. Nc3 d6 6. Qf3 Nf6 7. Be2 Qc7 8. Qg3 b5 9. a3 Bb7 10. f3 Nbd7 11. Be3 Rc8 12. h4 d5 13. Qxc7 Rxc7 14. exd5 Nxd5 15. Nxd5 Bxd5 16. 0-0-0 Bc5 17. Rhe1 0-0 18. Kb1 Rfc8 19. c3 h6 20. Nc2 Be7 21. Bf4 Rb7 22. g3 Bb3 23. Bd6 Bf6 24. Rd2 Nb6 25. Nd4 Bd5 26. f4 Nc4 27. Bxc4 bxc4 28. f5 Rb6 29. Be5 Be7 30. fxe6 fxe6 31. Ka2 Rf8 32. Rde2 Bc5 33. Nc2 Rb7 34. Bd4 Bd6 35. Be5 Be7 36. Nd4 Bc5 37. Nc2 Rf3 38. Nd4 Bxd4 39. Bxd4 Rxg3 40. Bf2 Rg2 41. Bd4 Rg4 42. Rh2 Rf7 43. Be3 e5 44. a4 Bf3 45. Ka3 Rb7 46. a5 Rb5 47. Bb6 e4 48. Rd2 Rxh4 49. Rd4 Rh2 50. Rxc4 Rhxb2 51. Rb4 R2xb4 52. cxb4 Kh7 53. Rc1 Be2 54. Bd4 Rd5 55. Bb2 Rd7 56. Rc6 Bb5 57. Re6 Rd3+ 58. Ka2 Bc4+ 0-1

[Event "Cheliabinsk Variation-B"]
[Site "Cheliabinsk"]
[Date "2022.04.10"]
[Round "9"]
[White "Vanishvili, Mari"]
[Black "Smirnova, Ekaterina"]
[Result "1/2-1/2"]
[WhiteElo "1894"]
[BlackElo "2196"]
[PlyCount "76"]
[EventDate "2022.04.01"]
[EventType "swiss"]
[EventRounds "9"]
[EventCountry "RUS"]
[SourceTitle "CBM 207 Extra"]
[Source "ChessBase"]
[SourceDate "2022.05.31"]
[SourceVersion "1"]
[SourceVersionDate "2022.05.31"]
[SourceQuality "1"]

1. e4 g6 2. d4 Bg7 3. Nc3 c6 4. Nf3 d5 5. Be2 Bg4 6. Be3 dxe4 7. Nxe4 Nh6 8. c3 Nf5 9. Bf4 0-0 10. 0-0 Nd7 11. Re1 Nf6 12. Nxf6+ Bxf6 13. Be5 Bxe5 14. Nxe5 Bxe2 15. Qxe2 Qd5 16. Nc4 e6 17. Ne3 Nxe3 18. Qxe3 Kg7 19. Qe5+ Qxe5 20. Rxe5 Rfd8 21. a4 Rd5 22. Rxd5 exd5 23. Kf1 Kf6 24. Ke2 Ke7 25. Kd3 Kd6 26. b3 f6 27. f4 Rg8 28. Rf1 a5 29. Rf3 h5 30. g3 Rh8 31. h3 Rg8 32. c4 b6 33. Rf1 Rc8 34. Rf2 Rc7 35. Rf1 Rc8 36. Rf2 Rc7 37. Rf1 Rc8 38. Rf2 Rc7 1/2-1/2

[Event "Cheliabinsk Variation-B"]
[Site "Cheliabinsk"]
[Date "2022.04.04"]
[Round "4"]
[White "Danilyuk, Olga"]
[Black "Vanishvili, Mari"]
[Result "1-0"]
[WhiteElo "1983"]
[BlackElo "1894"]
[PlyCount "95"]
[EventDate "2022.04.01"]
[EventType "swiss"]
[EventRounds "9"]
[EventCountry "RUS"]
[SourceTitle "CBM 207 Extra"]
[Source "ChessBase"]
[SourceDate "2022.05.31"]
[SourceVersion "1"]
[SourceVersionDate "2022.05.31"]
[SourceQuality "1"]

1. Nf3 Nf6 2. c4 Nc6 3. d4 e6 4. g3 Bb4+ 5. Bd2 Qe7 6. Bg2 0-0 7. 0-0 Ne4 8. Be3 Qe8 9. c5 e5 10. d5 Ne7 11. Qc2 Nf6 12. a3 Nexd5 13. axb4 Nxb4 14. Qb3 a5 15. Bd2 Nc6 16. Nc3 d6 17. cxd6 cxd6 18. Nd5 Nxd5 19. Qxd5 Be6 20. Qb5 Qe7 21. e3 f5 22. Rfd1 g5 23. Bc3 f4 24. exf4 gxf4 25. Re1 Bg4 26. Qd5+ Be6 27. Qb5 Bg4 28. Nd2 f3 29. Bf1 Kh8 30. Ra4 Bd7 31. Qb6 Rg8 32. Nxf3 Qf7 33. Qe3 Bg4 34. Bg2 b5 35. Raa1 Raf8 36. Ng5 Qd7 37. Bd5 Rg7 38. b3 Ne7 39. Bg2 Qf5 40. h4 h6 41. Ne4 Qg6 42. Nxd6 Qxd6 43. Bxe5 Qg6 44. Bxg7+ Qxg7 45. Qxe7 Rf7 46. Qe8+ Rf8 47. Qe5 Rf6 48. Rxa5 1-0

[Event "Cheliabinsk Panchenko Memorial op-B"]
[Site "Cheliabinsk"]
[Date "2021.09.19"]
[Round "8"]
[White "Mikheeva, Galina"]
[Black "Vanishvili, Mari"]
[Result "1/2-1/2"]
[WhiteElo "2034"]
[BlackElo "1952"]
[PlyCount "75"]
[EventDate "2021.09.13"]
[EventType "swiss"]
[EventRounds "10"]
[EventCountry "RUS"]
[SourceTitle "CBM 204 Extra"]
[Source "ChessBase"]
[SourceDate "2021.11.30"]
[SourceVersion "1"]
[SourceVersionDate "2021.11.30"]
[SourceQuality "1"]

1. e4 c6 2. d4 d5 3. e5 Bf5 4. h4 h5 5. Bd3 Bxd3 6. Qxd3 e6 7. Nf3 Qa5+ 8. Nbd2 Nh6 9. b3 Nf5 10. Bb2 Be7 11. c4 Na6 12. a3 dxc4 13. Qxc4 0-0 14. b4 Qb5 15. Qxb5 cxb5 16. Rc1 Rac8 17. Ke2 Nb8 18. g3 Nc6 19. Nb3 Rfd8 20. Rhd1 b6 21. Rd2 Rd7 22. Rdc2 Rdc7 23. Kd3 Bd8 24. Nfd2 Nce7 25. Rxc7 Rxc7 26. Bc3 Nd5 27. Ne4 f6 28. Bd2 Rd7 29. f4 Kf8 30. Rd1 Be7 31. Ra1 Rc7 32. Rb1 Rd7 33. Ra1 Rc7 34. Rb1 Rd7 35. Ra1 Rc7 36. Rb1 Rd7 37. Ra1 Rc7 38. Rb1 1/2-1/2

[Event "Satka Autumn op (Women)"]
[Site "Satka"]
[Date "2021.09.04"]
[Round "5"]
[White "Vanishvili, Mari"]
[Black "Kovanova, Baira"]
[Result "0-1"]
[WhiteElo "1903"]
[BlackElo "2310"]
[PlyCount "58"]
[EventDate "2021.08.31"]
[EventType "swiss"]
[EventRounds "9"]
[EventCountry "RUS"]
[SourceTitle "CBM 204 Extra"]
[Source "ChessBase"]
[SourceDate "2021.11.30"]
[SourceVersion "1"]
[SourceVersionDate "2021.11.30"]
[SourceQuality "1"]

1. e4 d6 2. d4 g6 3. Nc3 Bg7 4. f4 Nf6 5. Nf3 0-0 6. e5 Nfd7 7. Bc4 c5 8. e6 Nb6 9. exf7+ Kh8 10. Be2 cxd4 11. Ne4 e5 12. Neg5 Bf5 13. fxe5 dxe5 14. 0-0 Bf6 15. Bd3 Qe7 16. Bxf5 gxf5 17. Qe1 Nc6 18. Qh4 Rxf7 19. Nxf7+ Qxf7 20. Ng5 Qg6 21. Rxf5 Qxf5 22. Nf7+ Kg7 23. Nd6 Qg6 24. Bh6+ Kh8 25. Qh3 Rg8 26. Rf1 Nd5 27. Qf3 Nf4 28. g3 Be7 29. Bxf4 Bxd6 0-1

[Event "Anapa Sea Harbor Cup"]
[Site "Anapa"]
[Date "2021.06.05"]
[Round "4"]
[White "Vanishvili, Mari"]
[Black "Lavrov, Maxim"]
[Result "0-1"]
[WhiteElo "1931"]
[BlackElo "2401"]
[PlyCount "54"]
[EventDate "2021.06.02"]
[EventType "swiss"]
[EventRounds "9"]
[EventCountry "RUS"]
[SourceTitle "CBM 202 Extra"]
[Source "ChessBase"]
[SourceDate "2021.07.31"]
[SourceVersion "1"]
[SourceVersionDate "2021.07.31"]
[SourceQuality "1"]

1. e4 g6 2. d4 Bg7 3. Nc3 c5 4. Nf3 cxd4 5. Nxd4 Nc6 6. Be3 d6 7. Be2 Nf6 8. 0-0 0-0 9. f3 d5 10. Nxc6 bxc6 11. e5 Ne8 12. f4 Nc7 13. Na4 f6 14. exf6 exf6 15. c4 Re8 16. Bf2 Bf5 17. Rc1 Ne6 18. g3 g5 19. cxd5 cxd5 20. Bf3 gxf4 21. Bxd5 Kh8 22. Bxe6 Bxe6 23. Qxd8 Raxd8 24. b3 Bh3 25. Rfd1 Bh6 26. gxf4 Bxf4 27. Bd4 Rxd4 0-1

[Event "RUS-chT (Women)"]
[Site "Sochi"]
[Date "2021.05.08"]
[Round "7.3"]
[White "Vanishvili, Mari"]
[Black "Tomilova, Elena"]
[Result "0-1"]
[WhiteElo "1890"]
[BlackElo "2338"]
[PlyCount "84"]
[EventDate "2021.05.01"]
[EventType "team-tourn"]
[EventRounds "9"]
[EventCountry "RUS"]
[SourceTitle "CBM 202 Extra"]
[Source "ChessBase"]
[SourceDate "2021.07.31"]
[SourceVersion "1"]
[SourceVersionDate "2021.07.31"]
[SourceQuality "1"]
[WhiteTeam "Cheliabinsk Yuzhnyy Ural (W) II"]
[BlackTeam "Crimea Cimmeria (W)"]
[WhiteTeamCountry "RUS"]
[BlackTeamCountry "RUS"]

1. e4 c5 2. Nc3 e6 3. d4 cxd4 4. Qxd4 Nc6 5. Qd3 Nf6 6. Bf4 Qa5 7. f3 d5 8. Bd2 d4 9. Nd5 Qd8 10. Nxf6+ Qxf6 11. c3 e5 12. Ne2 Bc5 13. cxd4 exd4 14. Nf4 0-0 15. Nd5 Qh4+ 16. g3 Qd8 17. Bg2 Ne5 18. Qc2 Be6 19. f4 Nd7 20. Nb4 Rc8 21. Qd3 Qb6 22. Nd5 Bxd5 23. exd5 Rfe8+ 24. Kf2 Bd6 25. b4 Bxb4 26. Rhb1 Nc5 27. Qf1 d3 28. Kf3 a5 29. a3 Qd6 30. axb4 Qxd5+ 31. Kf2 Qd4+ 32. Kf3 Ne4 33. Be3 Ng5+ 34. Kg4 Rxe3 35. h4 f5+ 36. Kxf5 Qf6+ 37. Kg4 Qe6+ 38. f5 Rc4+ 39. Qf4 Rxf4+ 40. gxf4 h5+ 41. Kxh5 Qxf5 42. fxg5 g6+ 0-1

[Event "Cheliabinsk Variant Gp-A"]
[Site "Cheliabinsk"]
[Date "2021.03.27"]
[Round "5"]
[White "Odegov, Artem"]
[Black "Vanishvili, Mari"]
[Result "1-0"]
[WhiteElo "2298"]
[BlackElo "1854"]
[PlyCount "49"]
[EventDate "2021.03.23"]
[EventType "swiss"]
[EventRounds "10"]
[EventCountry "RUS"]
[SourceTitle "CBM 202 Extra"]
[Source "ChessBase"]
[SourceDate "2021.07.31"]
[SourceVersion "1"]
[SourceVersionDate "2021.07.31"]
[SourceQuality "1"]

1. e4 e6 2. d4 b6 3. Nf3 Bb7 4. Bd3 Nf6 5. Qe2 d5 6. Nbd2 dxe4 7. Nxe4 Be7 8. 0-0 0-0 9. Bf4 Nbd7 10. Rad1 Rc8 11. Rfe1 Nxe4 12. Bxe4 Bxe4 13. Qxe4 Nf6 14. Qe2 Qd5 15. a3 Qf5 16. Bg5 h6 17. Bh4 g5 18. Bg3 a5 19. c4 c6 20. Rd3 b5 21. Ne5 b4 22. axb4 axb4 23. h3 Rfd8 24. Nxf7 Kg7 25. Nxd8 1-0

[Event "Cheliabinsk Variant Gp-A"]
[Site "Cheliabinsk"]
[Date "2021.03.23"]
[Round "1"]
[White "Mischuk, Dmitry"]
[Black "Vanishvili, Mari"]
[Result "0-1"]
[WhiteElo "2370"]
[BlackElo "1854"]
[PlyCount "106"]
[EventDate "2021.03.23"]
[EventType "swiss"]
[EventRounds "10"]
[EventCountry "RUS"]
[SourceTitle "CBM 202 Extra"]
[Source "ChessBase"]
[SourceDate "2021.07.31"]
[SourceVersion "1"]
[SourceVersionDate "2021.07.31"]
[SourceQuality "1"]

1. e4 e5 2. Nf3 d6 3. d4 exd4 4. Nxd4 Nf6 5. Nc3 Be7 6. Qf3 0-0 7. Nf5 Bxf5 8. Qxf5 Nc6 9. Be3 Re8 10. 0-0-0 Qc8 11. Qxc8 Raxc8 12. f3 Bf8 13. g3 a6 14. Bh3 Rcd8 15. Bg5 Ne7 16. f4 h6 17. Bxf6 gxf6 18. Rhe1 Bg7 19. Rd3 Nc8 20. Bf5 Ne7 21. Bg4 Nc8 22. Ree3 Nb6 23. Re2 Nd7 24. Nd5 Nc5 25. Nxc7 Nxd3+ 26. cxd3 Re7 27. Nd5 Ree8 28. Rc2 a5 29. Rc7 f5 30. Bxf5 Rb8 31. a4 Red8 32. Bd7 Bd4 33. Kb1 h5 34. Bb5 Kg7 35. Bc4 Bg1 36. Ne7 Rf8 37. Nf5+ Kg6 38. Nxd6 Bxh2 39. Bxf7+ Rxf7 40. Rxf7 Bxg3 41. e5 h4 42. Rf6+ Kh5 43. e6 h3 44. Rf7 h2 45. Rh7+ Kg6 46. Rh3 Bxf4 47. Ne4 Re8 48. Kc2 Rxe6 49. Kd1 Rb6 50. Ke2 Rxb2+ 51. Kf3 Be5 52. Nf2 Rb1 53. Rh4 Rb4 0-1